EXTEREMELY Hard geography Knowledge Quiz - Statistics

General Stats
  • This quiz has been taken 139 times
    123 since last reset
  • The average score is 11 of 15
Answer Stats
Hint Answer % Correct
What is Mongolia's capital? Ulaanbaatar
96%
What country’s former name was known as Zaire? Democratic Republic of the Congo
90%
Which country borders Lake Malawi, Lake Tanganyika, and Lake Victoria? Tanzania
88%
What country’s name literally means “the low lands”? Netherlands
86%
What is the world's longest continental mountain range? The Andes
86%
What is the only flag that features a trident? Barbados
84%
Which country's name is Suomi in its own language? Finland
83%
What is the closest island country located northeast of mainland Venezuela? Trinidad and Tobago
83%
What is the only Asian country that has Portuguese as an official language? Timor Leste
75%
Name one of the only two capital cities seperated by a river Kinshasa | Brazzaville
69%
What is the island country located southeast of the Philippines? Palau
67%
Name one of the only two countries with no official capital city Switzerland | Nauru
63%
Which country was named “Republic of Upper Volta” from 1958–1984? Burkina Faso
41%
Which country's name translates to "Land of Eagles" in its native language? Albania
32%
What is the only country that does not recognize Armenia? Pakistan
22%
No matching quizzes found
Score Distribution
Percent of People with Each Score
Percentile by Number Answered
Your Score History
You have not taken this quiz since the last reset